| 000 | 00791cab a2200253 4500 | ||
|---|---|---|---|
| 001 | ABS56766 | ||
| 008 | 090401t1997 xxu||||| |||| 00| 0 eng d | ||
| 035 | _a(Sirsi) u77119 | ||
| 041 | _aeng | ||
| 100 | _aCohen, M. | ||
| 245 | _aPartners in trouble | ||
| 260 | _c1997 | ||
| 350 | _a0 | ||
| 490 |
_aAccountancy _vMarch 1997, 126-127(2) |
||
| 520 | _aConsiders what causes partnerships to fail and offers advice on how to rescue a struggling practice from insolvency. | ||
| 650 |
_aInsolvency _96247 |
||
| 650 | _aINSOLVENT PARTNERSHIPS ORDER 1994 | ||
| 650 | _aPARTNERSHIP ADMINISTRATIVE ORDER | ||
| 650 | _aPARTNERSHIP VOLUNTARY ARRANGEMENT | ||
| 650 | _aPARTNERSHIPS | ||
| 690 | _aMANAGEMENT-BUSINESS MANAGEMENT-PROFESSIONAL PRACTICE | ||
| 942 | _n0 | ||
| 948 | _c17/03/1997 | ||
| 999 |
_c48477 _d48477 |
||